000 00956nam a22002777a 4500
001 5736
003 FISKH
005 20250117092921.0
008 250117b cb ||||| |||| 00| 0 eng d
020 _a9780531186572
040 _aFISKH
_beng
_cFISKH
_dFISKH
050 _aQE765.K53
082 _a560
100 _aKittinger, Jo S.
245 _aStories in stone :
_bthe world of animal fossils /
_cby Jo S. Kittinger
260 _aNew York :
_bScholastic ;
_c1998.
300 _a64 pages :
_bcolor illustrations ;
_c22 cm .
505 _aZ
520 _aDescribes the formation and characteristics of animal fossils, including those of trilobites, lobe-finned fishes, and dinosaurs, and explains how they give us information about the history of the earth.
521 8 _a1050
_bLexile
521 8 _aZ
_bRaz-Plus
650 _afossils
_vnon-fiction
700 _aLeMonnier, Joe
_eillustrator
942 _2ddc
_cBK
_n0
999 _c5736
_d5736